| 000 | 00459nam a2200145 a 4500 | ||
|---|---|---|---|
| 001 | ASIN1848290489 | ||
| 005 | 20140715182129.0 | ||
| 008 | 140716s2010 xxu eng d | ||
| 100 | 1 | _aGautam, A.K | |
| 245 | 1 | 0 |
_aMicrowave and radar engineering / _cA K Gautam |
| 260 |
_aNew Delhi : _bPearson Education, _c2010. |
||
| 300 |
_a490 p. _c25 cm. |
||
| 700 | 1 | _aGautam A K | |
| 856 | 4 | 0 |
_3Amazon.com _uhttp://www.amazon.com/exec/obidos/ASIN/1848290489/chopaconline-20 |
| 999 |
_c8046 _d8046 |
||